The Role of the father in child development / (Record no. 1213)

MARC details
000 -LEADER
fixed length control field 00867cam a2200289 i 4500
005 - DATE AND TIME OF LATEST TRANSACTION
control field 20260322212051.0
008 - FIXED-LENGTH DATA ELEMENTS--GENERAL INFORMATION
fixed length control field data
010 ## - LIBRARY OF CONGRESS CONTROL NUMBER
LC control number 76021778r79
020 ## - INTERNATIONAL STANDARD BOOK NUMBER
International Standard Book Number 0471511722
020 ## - INTERNATIONAL STANDARD BOOK NUMBER
International Standard Book Number 9780471511724
050 0# - LIBRARY OF CONGRESS CALL NUMBER
Classification number HQ772
Item number .R63
060 ## - NATIONAL LIBRARY OF MEDICINE CALL NUMBER
Classification number WS105 R746
090 ## - LOCALLY ASSIGNED LC-TYPE CALL NUMBER (OCLC); LOCAL CALL NUMBER (RLIN)
Classification number (OCLC) (R) ; Classification number, CALL (RLIN) (NR) HQ 772 R746r 1976
001 - CONTROL NUMBER
control field data
245 04 - TITLE STATEMENT
Title The Role of the father in child development /
Statement of responsibility, etc. edited by Michael E. Lamb.
260 0# - PUBLICATION, DISTRIBUTION, ETC.
Place of publication, distribution, etc. New York :
Name of publisher, distributor, etc. Wiley,
Date of publication, distribution, etc. c1976.
300 ## - PHYSICAL DESCRIPTION
Extent xii, 407 p. :
Other physical details ill. ;
Dimensions 24 cm.
440 #0 - SERIES STATEMENT/ADDED ENTRY--TITLE
Title Wiley series on personality processes
500 ## - GENERAL NOTE
General note "A Wiley-Interscience publication."
504 ## - BIBLIOGRAPHY, ETC. NOTE
Bibliography, etc. note Includes bibliographical references and index.
650 #0 - SUBJECT ADDED ENTRY--TOPICAL TERM
Topical term or geographic name entry element Child development.
650 #0 - SUBJECT ADDED ENTRY--TOPICAL TERM
Topical term or geographic name entry element Father and child.
650 #2 - SUBJECT ADDED ENTRY--TOPICAL TERM
Topical term or geographic name entry element Father-Child Relations.
650 #2 - SUBJECT ADDED ENTRY--TOPICAL TERM
Topical term or geographic name entry element Personality Development.
650 #2 - SUBJECT ADDED ENTRY--TOPICAL TERM
Topical term or geographic name entry element Child Development.
700 1# - ADDED ENTRY--PERSONAL NAME
Personal name Lamb, Michael E.,
Dates associated with a name 1953-
Holdings
Withdrawn status Lost status Damaged status Not for loan Home library Current library Shelving location Date acquired Total checkouts Full call number Barcode Date last seen Price effective from Koha item type
        Centerville Centerville General stacks 22/03/2026   HQ772 .R63 BC0011252 22/03/2026 22/03/2026 Books